Brazilian players in Premier League (2000-) - Statistics

General Stats
  • This quiz has been taken 157 times
  • The average score is 54 of 122
Answer Stats
Ranking Player Positions Nationality Matches Goals (assists) Periods Clubs % Correct
2 Ederson GK 276 0 (7) 2017-2025
99%
8 Alisson GK 229 1 (3) 2018-2025
98%
7 Gabriel Jesus FW 229 76 (40) 2016-2025
97%
4 Roberto Firmino MF, FW 256 82 (50) 2015-2023
97%
3 Fernandinho DF, MF 264 20 (19) 2013-2022
95%
1 Willian MF, FW 327 47 (45) 2013-2020, 2022-2025
95%
9 David Luiz DF, MF 213 14 (7) 2010-2013, 2016-2021
94%
13 Douglas Luiz MF 175 20 (18) 2019-2024
94%
6 Richarlison MF, FW 243 64 (24) 2017-2025
94%
19 Fabinho DF, MF 151 8 (8) 2018-2023
92%
15 Gabriel Martinelli MF, FW 161 40 (20) 2019-2025
90%
57 FW 48 6 (4) 2008-2011
90%
14 Gilberto Silva DF, MF 170 17 (11) 2002-2008
89%
11 Philippe Coutinho MF, FW 193 47 (39) 2012-2017, 2021-2024
89%
24 Thiago Silva DF 113 8 (3) 2020-2024
89%
114 Anderson Silva MF 1 0 (0) 2006-2007
85%
12 Joelinton MF, FW 185 22 (10) 2019-2025
85%
22 Oscar MF, FW 131 21 (19) 2012-2017
85%
23 Bruno Guimarães MF 124 21 (20) 2021-2025
82%
21 Fred MF, FW 139 8 (7) 2018-2023
81%
18 Lucas Moura MF, FW 152 20 (15) 2017-2023
81%
16 Gabriel Magalhães DF 160 17 (1) 2020-2025
78%
5 Lucas Leiva MF 247 1 (13) 2007-2017
78%
17 Ramires MF 159 17 (8) 2010-2016
77%
27 Anderson MF 105 5 (6) 2007-2015
76%
40 Casemiro MF 77 6 (5) 2022-2025
76%
47 Felipe Anderson MF, FW 63 10 (8) 2018-2021
76%
34 João Gomes MF 81 6 (2) 2022-2025
74%
33 Matheus Cunha MF, FW 82 29 (13) 2022-2025
73%
20 Andreas Pereira MF, FW 148 11 (21) 2014-2015, 2018-2019, 2022-2025
71%
49 Antony FW 62 5 (3) 2022-2025
71%
10 Heurelho Gomes GK 195 0 (0) 2008-2010, 2015-2018
71%
30 João Pedro MF, FW 89 22 (10) 2019-2020, 2021-2022, 2023-2025
71%
26 Rafael DF, MF 109 5 (10) 2008-2015
71%
29 Lucas Paquetá MF, FW 92 12 (9) 2022-2025
69%
46 Fernando DF, MF 64 4 (2) 2014-2017
66%
70 Matheus Pereira MF, FW 33 11 (6) 2020-2021
66%
50 Neto GK 61 0 (0) 2022-2025
66%
45 Raphinha MF, FW 65 17 (12) 2020-2022
66%
38 Emerson DF, MF 79 4 (2) 2021-2024
65%
35 Fábio DF, FW 80 1 (0) 2009-2013, 2016-2017
63%
44 Murillo DF 68 2 (2) 2023-2025
62%
61 Robinho MF, FW 41 14 (8) 2008-2010
62%
56 Danilo MF, FW 50 5 (4) 2022-2025
60%
68 Danilo DF, MF 34 4 (2) 2017-2019
60%
32 Alex DF 86 7 (2) 2007-2012
58%
99 Thiago MF, FW 8 0 (0) 2024-2025
56%
63 Diego Carlos DF 40 0 (0) 2022-2025
54%
89 Filipe Luís DF 15 0 (0) 2014-2015
50%
73 Evanilson FW 31 10 (1) 2024-2025
48%
75 Alex Telles DF 30 0 (6) 2020-2022
47%
58 Gabriel Paulista DF 46 1 (0) 2014-2017
47%
65 Igor DF 37 0 (0) 2023-2025
44%
59 Paulinho MF 45 6 (3) 2013-2015
44%
25 Sandro MF 110 4 (2) 2010-2016
44%
76 Sávio MF, FW 29 1 (8) 2024-2025
44%
115 Andrey Santos MF 1 0 (0) 2023-2024
43%
54 Carlos Vinícius MF, FW 53 8 (2) 2020-2021, 2022-2025
43%
71 André MF 33 0 (0) 2024-2025
42%
51 Rodrigo Muniz FW 57 17 (2) 2023-2025
42%
84 André Santos DF, MF 23 2 (0) 2011-2013
41%
62 Juninho Paulista MF 41 11 (5) 2002-2004
41%
48 Elano MF 62 14 (12) 2007-2009
40%
41 Bernard MF, FW 73 5 (5) 2018-2021
39%
55 Allan DF, MF 52 0 (2) 2020-2022
38%
87 Samir Santos DF 19 0 (0) 2021-2022
38%
83 Júlio César GK 24 0 (0) 2012-2013
37%
105 Júlio César DF 5 0 (0) 2004-2005
37%
28 Denílson MF 96 7 (10) 2006-2011
35%
52 Kenedy DF, MF, FW 55 4 (4) 2015-2018, 2021-2022
32%
86 José Kléberson MF 20 2 (4) 2003-2005
31%
31 Fábio Aurélio DF, MF 87 3 (9) 2006-2012
30%
69 Sylvinho DF 34 2 (2) 2000-2001, 2009-2010
30%
111 Alexandre Pato MF, FW 2 1 (0) 2015-2016
28%
101 Gilberto DF, MF 7 1 (0) 2007-2009
28%
82 Júlio Baptista MF, FW 24 3 (2) 2006-2007
28%
53 Juliano Belletti DF, MF 54 5 (2) 2007-2010
27%
91 Matheus França MF, FW 14 1 (1) 2023-2025
26%
120 Marquinhos MF, FW 1 0 (0) 2022-2023
25%
60 Afonso Alves MF, FW 42 10 (2) 2007-2009
23%
37 Edu Gaspar MF 79 8 (4) 2000-2005
23%
67 Vinicius Souza MF 36 1 (0) 2023-2024
23%
109 Gustavo Nunes MF, FW 3 0 (0) 2024-2025
22%
119 Lucas Piazon MF, FW 1 0 (1) 2012-2013
22%
80 Wesley Moraes FW 25 5 (1) 2019-2022
22%
85 Felipe DF 23 0 (1) 2022-2024
20%
79 Morato DF 26 0 (0) 2024-2025
20%
122 Vitor Reis DF 1 0 (0) 2024-2025
20%
36 Geovanni MF, FW 79 14 (1) 2007-2010
19%
77 Renan Lodi DF, FW 28 0 (1) 2022-2023
19%
93 Luis Guilherme MF, FW 12 0 (0) 2024-2025
18%
66 Lyanco DF 36 1 (1) 2021-2023
18%
72 Vitinho DF, MF 32 0 (2) 2023-2024
18%
112 Deivid Washington DF, FW 2 0 (0) 2023-2024
17%
92 Tetê MF, FW 13 1 (0) 2022-2023
17%
107 Doni GK 4 0 (0) 2011-2012
16%
104 Gustavo Scarpa MF, FW 6 0 (0) 2022-2023
15%
43 Fábio Rochemback DF, MF 68 5 (10) 2005-2008
12%
64 Bernardo DF, MF 39 0 (1) 2018-2021
11%
106 Roque Júnior DF 5 0 (0) 2003-2004
11%
110 Pedro Lima DF 3 0 (0) 2024-2025
10%
98 Nenê MF, FW 8 0 (0) 2014-2015
9%
88 Willian José FW 17 1 (0) 2020-2021
9%
103 Mário Jardel FW 7 0 (0) 2003-2004
8%
96 Welington DF 10 0 (0) 2024-2025
8%
42 Emerson Thome DF 71 2 (1) 2000-2004
7%
97 Maicon Sisenando DF 9 0 (0) 2012-2013
7%
81 Caçapa DF, MF 25 1 (1) 2007-2009
6%
74 Fernando Marçal DF, MF 31 0 (0) 2020-2022
6%
94 Ilan FW 11 4 (0) 2009-2010
6%
102 Léo Bonatini MF, FW 7 0 (1) 2018-2019
6%
121 Mineiro MF 1 0 (0) 2008-2009
6%
113 Dionatan Teixeira DF 2 0 (0) 2014-2016
5%
39 Doriva MF 79 0 (2) 2002-2006
5%
117 Gláuber DF 1 0 (0) 2008-2009
5%
118 Kayky Chagas DF, MF, FW 1 0 (0) 2021-2022
4%
78 Guly do Prado MF, FW 27 0 (1) 2012-2014
3%
100 Douglas Rinaldi MF 7 1 (1) 2006-2007
2%
95 Evandro Goebel MF 11 0 (0) 2016-2017
2%
90 Rafael Schmitz DF 15 0 (1) 2007-2008
2%
108 Rodrigo Beckham MF 4 0 (0) 2002-2003
1%
116 Bruno Perone DF, MF 1 0 (0) 2011-2012
0%
No matching quizzes found
Score Distribution
Percent of People with Each Score
Percentile by Number Answered
Your Score History
You have not taken this quiz